| 000 | 00420nam a2200169Ia 4500 | ||
|---|---|---|---|
| 008 | 121026t2000 xxu||||| |||| 00| 0 sin d | ||
| 041 | _asin | ||
| 080 |
_aX8S1 _bVAT |
||
| 100 | _aHarlin Vathuregama | ||
| 245 | _aසබැඳියාව | ||
| 246 | _aSabendiyava | ||
| 260 |
_bHarlin Vathuregama _aKotte _c2000 |
||
| 300 | _b94p., 18 cm | ||
| 942 | _cBK | ||
| 999 |
_c76687 _d76687 |
||
| 003 | LK-CoDNM | ||
| 040 |
_aLK-CoDNM _dLK-CoDNM _eLK-CoDNM |
||